| 000 | 01302cam a2200337 ib4500 | ||
|---|---|---|---|
| 001 | 2471314 | ||
| 003 | YEEZEN | ||
| 005 | 20260202145848.0 | ||
| 008 | 241203s2024 ch a g 000 0 chi d | ||
| 020 |
_a9786269852871 _q(平裝) : _cNT$450 |
||
| 040 |
_aTCPL _bchi _cTCPL _dTCPL _eccr |
||
| 042 | _anbic | ||
| 084 |
_a068.33 _2ncsclt |
||
| 090 | _a068.33 | ||
| 100 | 1 | _a謝其濬 | |
| 245 | 1 | 0 |
_a把光照進看不到的地方 : _b超人醫師徐超斌 x 南迴基金會以行動醫療點亮偏鄉 / _c謝其濬採訪整理 ; 醫療財團法人南迴基金會, 徐超斌總策劃 |
| 246 | 3 | 0 | _a超人醫師徐超斌 x 南迴基金會以行動醫療點亮偏鄉 |
| 250 | _a初版 | ||
| 260 |
_a新北市新店區 : _b發光體文化出版 : _b遠足文化發行, _c2024.09 |
||
| 300 |
_a231面 : _b部分彩圖 ; _c23公分 |
||
| 490 | 1 |
_a點亮未來 ; _v04. |
|
| 500 | _a附錄 : 1, 南迴基金會大事記.-- 2, 愛心捐款-為偏鄉打造醫療堡壘, 點亮健康希望.-- 3, 南迴基金會公益影片 | ||
| 610 | 2 | 7 |
_a南迴基金會 _2lcstt. |
| 650 | 7 |
_a醫療社會工作 _2lcstt. |
|
| 650 | 7 |
_a遠距醫療 _2lcstt. |
|
| 650 | 7 |
_a醫療救濟 _2lcstt. |
|
| 700 | 1 | _a徐超斌 | |
| 710 | 2 | _a醫療財團法人南迴基金會 | |
| 830 | 0 |
_a點亮未來 ; _v04. |
|
| 942 |
_2ccl _cBOOK |
||
| 999 |
_c7693 _d7693 |
||